| 000 | 007940000a22002170004500 | ||
|---|---|---|---|
| 003 | dpl | ||
| 005 | 20081031112648.0 | ||
| 008 | 081031t xxu||||| |||| 00| 0 eng d | ||
| 010 | _aENG-84670 | ||
| 020 |
_a8173917574 _c1100.00 (hb) |
||
| 035 | _aEN-68203 | ||
| 040 | _cdpl | ||
| 082 | _a574.192 | ||
| 100 | _aDutta, Nareen Kumar | ||
| 245 |
_aFundamentals of biochemistry: _ba practical approach / _cby Nareen Kumar Dutta |
||
| 260 |
_aNew Delhi _bKanishka Publishers, Distributors _c2005 |
||
| 300 |
_a594p _c22cm |
||
| 500 | _aIncludes bibliographical references and index | ||
| 942 |
_2ddc _cEN _h574.192 _mDUT |
||
| 999 |
_c17974 _d17974 |
||